The acquisition and occupancy of agricultural land: a memorandum of evidence to the Committee of Inquiry. [submitted to the Northfield Committee] (Record no. 87693)

MARC details
000 -LEADER
fixed length control field 00591cam a2200193 4500
001 - CONTROL NUMBER
control field D15021
008 - FIXED-LENGTH DATA ELEMENTS--GENERAL INFORMATION
fixed length control field 090401t1977 xxu||||| |||| 00| 0 eng d
035 ## - SYSTEM CONTROL NUMBER
System control number (Sirsi) u19633
041 ## - LANGUAGE CODE
Language code of text/sound track or separate title eng
050 ## - LIBRARY OF CONGRESS CALL NUMBER
Classification number 333.335
110 ## - MAIN ENTRY--CORPORATE NAME
Corporate name or jurisdiction name as entry element Royal Institution of Chartered Surveyors
9 (RLIN) 4900
245 #4 - TITLE STATEMENT
Title The acquisition and occupancy of agricultural land: a memorandum of evidence to the Committee of Inquiry. [submitted to the Northfield Committee]
260 ## - PUBLICATION, DISTRIBUTION, ETC.
Name of publisher, distributor, etc. RICS
Date of publication, distribution, etc. 1977
300 ## - PHYSICAL DESCRIPTION
Extent iii. 37p. tables
350 ## - PRICE (NR) (BK AM CF MU VM SE) [OBSOLETE]
Price 1
520 ## - SUMMARY, ETC.
Summary, etc. Filed in Box 1977/21 ABC
942 ## - ADDED ENTRY ELEMENTS (KOHA)
Suppress in OPAC 0
948 ## - LOCAL PROCESSING INFORMATION (OCLC); SERIES PART DESIGNATOR (RLIN)
c (OCLC) 04/03/1997
Holdings
Withdrawn status Lost status Source of classification or shelving scheme Damaged status Not for loan Home library Current library Shelving location Date acquired Cost, normal purchase price Total Checkouts Full call number Barcode Date last seen Copy number Cost, replacement price Price effective from Koha item type
    Other/Generic Classification Scheme     London London RICS Boxes 13/08/1991 1.00   RICS 1977/21 30009412 06/08/2019 1 1.00 06/08/2019 Book
    Other/Generic Classification Scheme     London London RICS Boxes 14/09/1999 1.00   RICS 1977/21 30009416 06/08/2019 2 1.00 06/08/2019 Reference material
    Other/Generic Classification Scheme     London London RICS Boxes 22/08/1991 1.00   RICS 1977/21 30026585 06/08/2019 3 1.00 06/08/2019 Reference material